000
00318nam a2200133Ia 4500
005
20251222144840.0
008
251222s9999||||xx |||||||||||||| ||spa||
020
_a
84-7239-309-7
082
_a
288.2/G34G
100
_a
Gea Escolano, José
245
0
_a
Sendero hacia Lisieux
264
_b
Monte Carmelo
942
_c
LIB
999
_c
21198
_d
21198